000 00267nam a2200109Ia 4500
008 200302s9999 xx 000 0 und d
100 _aPriya Choudhary
245 _aHuman approach to urban planning
260 _bCopal Publishing Group
260 _c2015
300 _a181
999 _c5916
_d5916